000 00359nam a22001337a 4500
082 _a341.58bro
100 _abrown-john
245 _amultilateral sanctions in international law
260 _aUSA
_bPRAEGER PUBLISHERS,Inc
_c1975
300 _axiv,426p
_bill;23cm
650 _amultilateral sanctions in international law
700 _abrown-john
942 _cBK
999 _c17110
_d17110